000 00651nam a2200193 i 4500
001 bg
245 0 0 _aThe New Encyclopaedia Britannica.
_nVol.29,
_pMacropaedia : knowledge in depth [United - Zorostrianism] /
_c[Robert McHenry editor in chief et al.].
250 _a15th ed.
260 _aChicago [et al.] :
_bEncyclopaedia Britannica,
_c1995.
300 _a[3], 1088 s. :
_bfot., mapy, rys., wykr.(w tym kolor.) ;
_c29 cm.
650 9 _aEncyklopedia
020 _a0852296053 (całość)
040 _cBPK
041 0 _aen
080 _a0/9(03)
920 _a0-85229-605-3 (całość)
942 _cKS
008 s pl f |000 0 pol
999 _c33137
_d33137
856 _uhttp://koha.tu.koszalin.pl/cgi-bin/koha/opac-detail.pl?biblionumber=33137
_yKatalog online BPK